Statystyki dla Gminy Powiatu Słupskiego

Kliknij tutaj aby rozwiązać quiz!

Ogólne statystyki

  • Ten quiz został rozwiązany 93 razy
  • Średni wynik to 5 z 9

Statystyki odpowiedzi

PowierzchniaGmina% Poprawnych
218,1 km²Ustka
94%
260,6 km²Słupsk
90%
245 km²Kobylnica
76%
299,5 km²Dębnica Kaszubska
56%
293,4 km²Kępice
53%
227,9 km²Potęgowo
50%
167,8 km²Damnica
44%
257,2 km²Smołdzino
43%
323,8 km²Główczyce
41%

Rozkład punktacji

Percentyl według liczby udzielonych odpowiedzi

Procent ludzi z każdym wynikiem

Twoja historia wyników

Nie rozwiązałeś tego quizu